| 000 | 00904nam a2200289 4500 | ||
|---|---|---|---|
| 001 | 1468 | ||
| 003 | DO-SdBPM | ||
| 005 | 20250115121756.0 | ||
| 007 | 1468 | ||
| 008 | 970723s1997 sp | ||| ||spa | ||
| 020 | _a8437615046 | ||
| 040 |
_aDO-SdBPM _bspa _cBPMSU |
||
| 082 | 4 | _222 | |
| 100 | 1 |
_aHoffmann, Ernst T. A. _d1776-1822 |
|
| 240 | 1 | 0 |
_aLebensansichten des katers Murr _lEspañol |
| 245 | 1 | 0 |
_aOpiniones del gato Murr / _cE.T.A. Hoffmann ; edición de Ana Pérez ; traducción de Carlos Fortea |
| 260 |
_aMadrid : _bCátedra, _c1997 |
||
| 300 |
_a525 p.: _bil.; _c20 cm. |
||
| 490 | 0 |
_aLetras universales, _v249 |
|
| 590 | _aInventariado, 2025/VM | ||
| 650 | 4 |
_aNovela alemana _ySiglo XIX |
|
| 650 | 4 |
_aPolítica _xAspectos psicológicos _vNovela |
|
| 700 | 1 |
_aPérez, Ana _d1941- _eeditora |
|
| 700 | 1 | _aFortea, Carlos | |
| 910 | _aVMateo V. Control de calidad. BPMSU | ||
| 942 |
_2ddc _cBK |
||
| 999 |
_c8642 _d8642 |
||